Wer moderiert die Sendung? - Statistiken

Allgemein
  • Dieses Quiz wurde 374 mal gespielt
    81 seit der letzten Aktualisierung
  • Das Durchschnittsergebnis liegt bei 17 aus 27
Antwortstatistiken
Hint Antwort % Korrekt
Wer wird Millionär? Günther Jauch
100%
Wer weiß denn sowas? Kai Pflaume
96%
Klein gegen Groß Kai Pflaume
96%
Germany’s Next Topmodel Heidi Klum
85%
Bares für Rares Horst Lichter
82%
Gefragt – Gejagt Alexander Bommes
81%
Late Night Berlin Klaas Heufer-Umlauf
80%
Wetten, dass..? (seit 2021) Thomas Gottschalk
78%
Wer stiehlt mir die Show (Hauptmoderator) Joko Winterscheidt
77%
Verstehen Sie Spaß? (seit 2022) Barbara Schöneberger
73%
ZDF-Fernsehgarten Andrea Kiewel
70%
ZDF Magazin Royale Jan Böhmermann
70%
heute-show Oliver Welke
70%
Studio Schmitt Tommi Schmitt
68%
TV total (seit 2021) Sebastian Pufpaff
59%
Grill den Henssler Laura Wontorra
57%
... Quiz des Menschen Eckart von Hirschhausen
55%
Schlag den Star (seit 2024) Matthias Opdenhövel
55%
Der Quiz-Champion Johannes B. Kerner
54%
Das Adventsfest der 100.000 Lichter Florian Silbereisen
51%
Immer wieder sonntags Stefan Mross
51%
Joko & Klaas gegen ProSieben Steven Gätjen
51%
Let’s Dance (mit Victoria Swarovski) Daniel Hartwich
45%
The Voice of Germany (mit Melissa Khalaj) Thore Schölermann
38%
Die große Maus-Show (seit 2023) Esther Sedlaczek
36%
Quizduell-Olymp (seit 2022) Esther Sedlaczek
36%
extra 3 Christian Ehring
26%
Keine übereinstimmenden Quizze gefunden
Verteilung der Resultate
Anzahl Personen mit jedem Resultat
Perzentil nach korrekt beantworteten Fragen
Ihre Resultats-Entwicklung
Sie haben dieses Quiz seit der letzten Aktualisierung nicht gespielt